Βιοκλιματικές εφαρμογές σε παραδοσιακά κτίρια της Ελλάδας : πτυχιακή εργασία

Αποθηκεύτηκε σε:
Λεπτομέρειες βιβλιογραφικής εγγραφής
Κύριος συγγραφέας: Παπαδοπούλου, Σταυρούλα
Συγγραφή απο Οργανισμό/Αρχή: Πανεπιστήμιο Αιγαίου. Σχολή Περιβάλλοντος. Τμήμα Περιβάλλοντος
Μορφή: Thesis Βιβλίο
Γλώσσα:Greek
Δημοσίευση: Μυτιλήνη : Πανεπιστήμιο Αιγαίου, Τμήμα Περιβάλλοντος, 2000
Θέματα:
Διαθέσιμο Online:http://hdl.handle.net/11610/10216
Ετικέτες: Προσθήκη ετικέτας
Δεν υπάρχουν, Καταχωρήστε ετικέτα πρώτοι!

MARC

LEADER 00000cam a2200000 i 4500
001 1/13210
008 001121s2000 gre d
035 |l 10064529 
040 |a GR-MY-UA  |b gre  |e aacr 
041 0 |a gre 
082 0 |a 721  |2 (22) 
100 1 |a Παπαδοπούλου, Σταυρούλα. 
245 1 0 |a Βιοκλιματικές εφαρμογές σε παραδοσιακά κτίρια της Ελλάδας :  |b πτυχιακή εργασία /  |c Σταυρούλα Παπαδοπούλου 
260 |a Μυτιλήνη :   |b Πανεπιστήμιο Αιγαίου, Τμήμα Περιβάλλοντος,   |c 2000 
300 |a 148 σ.;  |b διαγρ.; εικ.; πιν.;  |c 30 εκ. 
502 |a Πτυχιακή εργασία – Πανεπιστήμιο Αιγαίου, Λέσβος, 2000. 
504 |a Περιέχει βιβλιογραφία 
650 0 0 |a Architecture and climate. 
650 0 0 |a Architecture, Domestic  |z Greece. 
650 0 0 |a Architecture and energy conservation. 
650 0 0 |a Architecture, Greek. 
650 0 0 |a Dissertations, Academic  |z Greece. 
710 2 |a Πανεπιστήμιο Αιγαίου.   |b Σχολή Περιβάλλοντος.   |b Τμήμα Περιβάλλοντος. 
852 |a INST  |b LESVOS  |c DIATR  |e 20001121  |h 633  |p 005100027383  |q 005100027383  |t DIE  |y 23 
852 |a INST  |b LESVOS  |c DIATR  |e 20001121  |h 634  |p 005100027382  |q 005100027382  |t DIE  |y 23 
856 |u http://hdl.handle.net/11610/10216 
901 |a BIBL1-2000-3 
909 |a Λ  |b 082571 
909 |a Λ  |b 082572 
924 |a ΠΑΠΑΔΟΠΟΥΛΟΥ  |b ΣΤΑΥΡΟΥΛΑ  |y ΛΕΣΒΟΣ  |z 2000-11 
970 |a ΚΑΜΑΤΣΟΥ  |b ΔΕΣΠΟΙΝΑ  |z 2000/11/21